000 02394nam0a2200385 4500
001 RU\NLR\bibl\1043028
005 20250615031639.0
010 _a5-8158-0333-2
_9150
021 _aRU
_b2006-83903
_94247
035 _a(nilc)RSL-KNO-003013556
035 _a(NLR Aleph) 001030416
090 _a754970
_c754970
100 _a20061219d2006 |||y0rusy50 ca
101 0 _arus
102 _aRU
105 _aa zzzz|||||
106 _ar
200 1 _aТехнологические расчеты лесопромышленных производств
_eучебное пособие для студентов вузов, обучающихся по направлению подготовки дипломированноо специалиста 656300 "Технология лесозаготовительных и деревообрабатывающих производств" по специальности 260100 "лесоинженерное дело"
_fЮ. А. Ширнин, А.Н. Чемоданов, К.П. Рукомойников [и др.]
205 _aИзд. 2-е, испр.
210 _aЙошкар-Ола
_cМарГТУ
_d2006
_eЙошкар-Ола
_gРИЦ МарГТУ
215 _a207 с.
_cил., табл.
_d20
320 _aБиблиогр.: с. 153-155
606 1 _aЛесозаготовки
_jУчебные издания для высших учебных заведений
_xТехнологические процессы
_xМатематическое моделирование
_92404533
_3RU\NLR\auth\661433096
610 0 _aСельское и лесное хозяйство. Сельскохозяйственные и лесохозяйственные науки -- Лесное хозяйство. Лесохозяйственные науки -- Лесоэксплуатация -- Лесозаготовки -- Учебник для высшей школы
686 _aП390я73-1
_2rubbk
686 _aП390я73
701 1 _aШирнин
_bЮ. А.
_gЮрий Александрович
_4070
701 1 _aЧемоданов
_bА. Н.
_gАлександр Николаевич
_4070
701 1 _aРукомойников
_bК. П.
_gКонстантин Павлович
_4070
801 0 _aRU
_bРКП
_c20061219
_grcr
801 1 _aRU
_bРГБ
_c20061219
801 2 _aRU
_bNLR
_c20070209
_grcr
942 _cBOOK
980 _aNB